Humanitarianism and human rights : (Record no. 6779)

MARC details
000 -LEADER
fixed length control field 04250cam a2200529 i 4500
001 - CONTROL NUMBER
control field on1151476764
003 - CONTROL NUMBER IDENTIFIER
control field OCoLC
005 - DATE AND TIME OF LATEST TRANSACTION
control field 20220928140314.0
008 - FIXED-LENGTH DATA ELEMENTS--GENERAL INFORMATION
fixed length control field 200413t20202020enk b 001 0 eng
010 ## - LIBRARY OF CONGRESS CONTROL NUMBER
LC control number 2020012055
040 ## - CATALOGING SOURCE
Original cataloging agency DLC
Language of cataloging eng
Description conventions rda
Transcribing agency DLC
Modifying agency OCLCO
-- YDX
-- OCLCF
-- ERASA
-- TOH
-- YDX
-- OCLCO
-- ONS
-- MNN
-- OCLCO
019 ## -
-- 1202534295
020 ## - INTERNATIONAL STANDARD BOOK NUMBER
International Standard Book Number 9781108836791
Qualifying information hardcover
020 ## - INTERNATIONAL STANDARD BOOK NUMBER
International Standard Book Number 1108836798
Qualifying information hardcover
020 ## - INTERNATIONAL STANDARD BOOK NUMBER
International Standard Book Number 9781108819206
Qualifying information paperback
020 ## - INTERNATIONAL STANDARD BOOK NUMBER
International Standard Book Number 1108819206
Qualifying information paperback
020 ## - INTERNATIONAL STANDARD BOOK NUMBER
Cancelled/invalid ISBN 9781108872485
Qualifying information electronic publication
029 1# - (OCLC)
OCLC library identifier AU@
System control number 000069844628
035 ## - SYSTEM CONTROL NUMBER
System control number (OCoLC)1151476764
Canceled/invalid control number (OCoLC)1202534295
042 ## - AUTHENTICATION CODE
Authentication code pcc
050 00 - LIBRARY OF CONGRESS CALL NUMBER
Classification number JZ6369
Item number .H895 2020
082 00 - DEWEY DECIMAL CLASSIFICATION NUMBER
Classification number 341.5/84
Edition number 23
049 ## - LOCAL HOLDINGS (OCLC)
Holding library TZAA
245 00 - TITLE STATEMENT
Title Humanitarianism and human rights :
Remainder of title a world of differences? /
Statement of responsibility, etc edited by Michael N. Barnett.
264 #1 -
-- Cambridge, United Kingdom ;
-- New York, NY :
-- Cambridge University Press,
-- 2020.
264 #4 -
-- �2020
300 ## - PHYSICAL DESCRIPTION
Extent viii, 344 pages ;
Dimensions 24 cm.
336 ## -
-- text
-- txt
-- rdacontent
337 ## -
-- unmediated
-- n
-- rdamedia
338 ## -
-- volume
-- nc
-- rdacarrier
490 1# - SERIES STATEMENT
Series statement Human rights in history
504 ## - BIBLIOGRAPHY, ETC. NOTE
Bibliography, etc Includes bibliographical references and index.
505 0# - FORMATTED CONTENTS NOTE
Formatted contents note Introduction: Worlds of difference / Michael N. Barnett -- Part I differences or distinctions? -- Human rights and humanitarianization / Samuel Moyn -- Suffering and status / Jeffrey Flynn -- Humanitarianism and human rights in morality and practice / Charles R. Beitz -- For a fleeting moment: The short, happy life of modern humanism / Stephen Hopgood -- Part II practices -- Humanitarian governance and the circumvention of revolutionary human rights in the British Empire / Alan Lester -- Humanitarian intervention as an entangled history of humanitarianism and human rights / Fabian Klose -- Mobilizing emotions: Shame, victimhood, and agency / Bronwyn Leebaw -- At odds? Human rights and humanitarian approaches to violence against women during conflict / Aisling Swaine -- Innocence: Shaping the concept and practice of humanity / Miriam Ticktin -- Reckoning with time: Vexed temporalities in human rights and humanitarianism / Ilana Feldman -- Between the border and a hard place: Negotiating protection and humanitarian aid after the genocide in Cambodia, 1979-1999 / Bertrand Taithe -- Conclusion: Practices of humanity / Michael N. Barnett.
520 ## - SUMMARY, ETC.
Summary, etc "This book explores the fluctuating relationship between human rights and humanitarianism. For most of their lives, human rights and humanitarianism have been distant cousins. Humanitarianism focused on situations in faraway places dealing with large-scale loss of life that demanded urgent attention whilst human rights advanced the cause of individual liberty and equality at home. However, the twentieth century saw the two coming much more directly into dialogue, particularly following the end of the Cold War, as both began working in war zones and post-conflict situations. Leading scholars probe how the shifting meanings of human rights and humanitarianism converge and diverge from a variety of disciplinary perspectives ranging from philosophical inquiries that consider whether and how differences are constructed at the level of ethics, obligations, and duties, to historical inquiries that attempt to locate core differences within and between historical periods, and to practice-oriented perspectives that suggest how differences are created and recreated in response to concrete problems and through different kinds of organised activities with different goals and meanings"--
-- Provided by publisher.
650 #0 - SUBJECT ADDED ENTRY--TOPICAL TERM
Topical term or geographic name as entry element Humanitarian intervention.
650 #0 - SUBJECT ADDED ENTRY--TOPICAL TERM
Topical term or geographic name as entry element Human rights.
650 #6 - SUBJECT ADDED ENTRY--TOPICAL TERM
Topical term or geographic name as entry element Droit d'ing�erence humanitaire.
-- (CaQQLa)201-0313218
650 #6 - SUBJECT ADDED ENTRY--TOPICAL TERM
Topical term or geographic name as entry element Droits de l'homme (Droit international)
-- (CaQQLa)201-0065399
650 #7 - SUBJECT ADDED ENTRY--TOPICAL TERM
Topical term or geographic name as entry element Human rights.
Source of heading or term fast
-- (OCoLC)fst00963285
650 #7 - SUBJECT ADDED ENTRY--TOPICAL TERM
Topical term or geographic name as entry element Humanitarian intervention.
Source of heading or term fast
-- (OCoLC)fst00963572
700 1# - ADDED ENTRY--PERSONAL NAME
Personal name Barnett, Michael N.,
Dates associated with a name 1960-
Relator term editor.
830 #0 - SERIES ADDED ENTRY--UNIFORM TITLE
Uniform title Human rights in history.
938 ## -
-- Erasmus Boekhandel
-- ERAA
-- 0000356737
938 ## -
-- YBP Library Services
-- YANK
-- 16771978
938 ## -
-- YBP Library Services
-- YANK
-- 16771968
994 ## -
-- C0
-- TZACH

No items available.

African Court on Human and Peoples' Rights | For Inquiries Contact » +255 272 510 510